| 000 | 00000nam##2200000za#4500 |
| 001 | 9.604474 |
| 003 | CaOODSP |
| 005 | 20210624211627 |
| 007 | cr ||||||||||| |
| 008 | 150406|2010||||xxc|||||o f|0| 0 fre|d |
| 040 | |aCaOODSP|bfre |
| 043 | |an-cn--- |
| 086 | 1 |aTU3-7/10-0014F-PDF |
| 110 | 2 |aBureau de la sécurité des transports du Canada. |
| 245 | 10|aChavirement et naufrage du petit bateau de pêche Craig and Justin au large de Margaree Harbour (Nouvelle-Écosse) le 1er mai 2010 |h[ressource électronique] |
| 260 | |aOttawa - Ontario : |bBureau de la sécurité des transports du Canada |c[2012]. |
| 300 | |a22p.|bfigures, références, tableaux, photographies |
| 490 | 1 |aRapport d'enquête maritime |vM10M0014 |
| 590 | |a12-36-Supp|b2012-08-22 |
| 775 | 08|tCapsizing and sinking - small fishing vessel Craig and Justin off Margaree Harbour, Nova Scotia 01 May 2010 |w(CaOODSP)9.574743 |
| 830 | #0|aRapport d'enquête maritime ;|vM10M0014|w(CaOODSP)9.501269 |
| 856 | 40|ahttp://publications.gc.ca|qPDF|s1060 Ko|uhttps://publications.gc.ca/collections/collection_2012/bst-tsb/TU3-7-10-0014-fra.pdf|yM10M0014 |